1552 1128 1263 1294 1905 1827 1037 1727 1342 1537 1535 1630 1124 1669 1348 1076 1844 1718 1941 1087 1933 1430 1131 1599 1416 1306 1661 1539 1152 1031 1398 1400 1312 1349 1129 1098 1350 1031 1686 1956 1767 1053 1198 1213 1799 1850 1353 1439 1366 1919 1224 1557 1546 1056 1219 1334 1275 1415 1980 1823 1874 1976 1923 1892 1203 1785 1828 1002 1932 1606 1072 1137 1327 1820 1180 1085 1315 1280 1476 1527 1983 1107 1655 1183 1169 1737 1729 1588 1427 1363 1049 1662 1509 1603 1114 1664 1442 1906 1880 BCNSPRNW ULIB Ver.6.0+V

เปลี่ยนเป็นภาษาไทย

Change to English
 แสดงรายละเอียดบรรณานุกรม
  กลับหน้าหลัก

Brief Record : Get Marc (ISO 2709) : E-mail record : QR code < ปิดหน้าต่าง
LEADER : 00000nam 2200000uu 4500
001    13399121188
003     ULIB
008    121108s2551||||th 000 0 tha d
020    ^a9789748136325
050  4 ^aLB1564.T5^bฆ211ท
100 0  ^aฆนัท ธาตุทอง
245 10 ^aเทคนิคการพัฒนาหลักสูตรสถานศึกษา /^cฆนัท ธาตุทอง
250    ^aพิมพ์ครั้งที่ 4
260    ^a[สงขลา] :^bคณะครุศาสตร์ มหาวิทยาลัยราชภัฏสงขลา,^c2551
300    ^aก-ญ, 312 หน้า :^bภาพประกอบ ;^c26ซม.
650  4 ^aการวางแผนหลักสูตร
650  4 ^aการศึกษา^xหลักสูตร
650  4 ^aหลักสูตร
710 2  ^aมหาวิทยาลัยราชภัฏสงขลา. ^bคณะครุศาสตร์
945    ^p280^l0^i16486
995    ^aวิภา
999 ^a ทศพร
รายการนี้ยังไม่มีแท็ก
คุณยังไม่ได้ล็อกอิน คุณสามารถมีกิจกรรมร่วมกับเว็บไซต์ได้ แต่ต้องล็อกอินก่อน ::
  ล็อกอิน

รายการสื่อสารสนเทศ

ลำดับที่ ประเภท เลขเรียก/บาร์โค้ด สถานที่ สถานะ
1. วิทยาศาสตร์การแพทย์ และสุขภาพ
วิทยาศาสตร์การแพทย์ และสุขภาพ
LB1564.T5 ฆ211ท  
  Barcode: 16486
ห้องสมุดวิทยาเขตสวรรค์ประชารักษ์
►หนังสือทั่วไป
บนชั้น

รายการใกล้เคียง
    ผู้แต่ง [ฆนัท ธาตุทอง]

    หัวเรื่อง [การวางแผนหลักสูตร]
    หัวเรื่อง [หลักสูตร]

BibComment


ยังไม่เคยถูกคอมเมนท์

คอมเมนท์ทรัพยากรรายการนี้
  คอมเมนท์: เทคนิคการพัฒนาหล..


 Copyright 2026. Bcnsprnw @Library